000 00743nam a2200229Ia 4500
008 131103s9999 xx 000 0 und d
020 _a8176563757
_cRs.240
040 _aLoreto College
041 _aEnglish
082 _a005.73/CHA
_bLCLIB/46716
100 _aChattopadhyay, Samiran
245 _aData structures through 'C' language
_cSamiran Chattopadhyay, Debabrata Ghosh Dastidar and Matangini Chattopadhyay
260 _aNew Delhi
_bBPB Pub
_c2006
300 _aix,494p.
_c 24cm.
504 _aIncludes bibliographical references and index
630 _aC Languages
630 _aComputer Programming Languages
650 _aDOEACC Society
651 _aData Structure
700 _aGhosh Dastidar, Debabrata
942 _cBK
999 _c20283
_d70762